MANORAMA YEAR BOOK (Record no. 6757)
[ view plain ]
| 000 -LEADER | |
|---|---|
| fixed length control field | 00483nam a22002177a 4500 |
| 020 ## - INTERNATIONAL STANDARD BOOK NUMBER | |
| ISBN | 0975-2250 |
| 082 ## - DEWEY DECIMAL CLASSIFICATION NUMBER | |
| Classification number | 001 |
| Item number | MAN/M |
| 100 ## - MAIN ENTRY--AUTHOR NAME | |
| Personal name | MANORAMA |
| 245 ## - TITLE STATEMENT | |
| Title | MANORAMA YEAR BOOK |
| 246 ## - VARYING FORM OF TITLE | |
| Title proper/short title | Year book 2005 |
| 246 ## - VARYING FORM OF TITLE | |
| Title proper/short title | Year book 2007 |
| 246 ## - VARYING FORM OF TITLE | |
| Title proper/short title | Year book 2009 |
| 246 ## - VARYING FORM OF TITLE | |
| Title proper/short title | Year book 2010 |
| 246 ## - VARYING FORM OF TITLE | |
| Title proper/short title | Year book 2011 |
| 246 ## - VARYING FORM OF TITLE | |
| Title proper/short title | Year book 2012 |
| 260 ## - PUBLICATION, DISTRIBUTION, ETC. (IMPRINT) | |
| Place of publication | KOTTAYAM |
| Name of publisher | MALAYALA MANORAMA |
| 300 ## - PHYSICAL DESCRIPTION | |
| Number of Pages | 1038 |
| 520 ## - SUMMARY, ETC. | |
| Summary, etc | YEAR BOOKS |
| 650 ## - SUBJECT ADDED ENTRY--TOPICAL TERM | |
| Topical Term | G.K |
| 942 ## - ADDED ENTRY ELEMENTS (KOHA) | |
| Koha item type | Books |
| Withdrawn status | Lost status | Collection code | Home library | Current library | Shelving location | Date acquired | Source of acquisition | Cost, normal purchase price | Full call number | Accession Number | Koha item type |
|---|---|---|---|---|---|---|---|---|---|---|---|
| G.K | Main Library | Main Library | SHELF-17F-YEAR BOOK | 04/09/2023 | Purchase | 695.00 | 001 MAN/M | 06113 | Books | ||
| G.K | Main Library | Main Library | SHELF-17F-YEAR BOOK | 17/05/2011 | Purchase | 160.00 | 001 MAN/M | 03534 | Books | ||
| G.K | Main Library | Main Library | SHELF-17F-YEAR BOOK | 17/05/2011 | Purchase | 150.00 | 001 MAN/M | 03533 | Books | ||
| G.K | Main Library | Main Library | SHELF-17F-YEAR BOOK | 03/08/2009 | Purchase | 140.00 | 001 MAN/M | 03531 | Books | ||
| G.K | Main Library | Main Library | SHELF-17F-YEAR BOOK | 16/01/2007 | Purchase | 120.00 | 001 MAN/M | 01895 | Books | ||
| G.K | Main Library | Main Library | SHELF-17F-YEAR BOOK | 25/01/2005 | Purchase | 110.00 | 001 MAN/M | 01861 | Books |